000 00566nam a2200217Ia 4500
003 OSt
005 20221007080821.0
006 a|||||r|||| 00| 0
007 ta
008 221006b |||||||| |||| 00| 0 eng d
024 _a15,744
037 _cTextual
040 _aFLL
_cFLL
_beng
041 _2eng
_aeng
082 _aX72.79164.N5, K4
245 0 _aTaxation in colombia
260 _aNew York
_bCommerce clearing house., inc U.S.A.
_c1964
300 _a586p
_ccm.
942 _hX72.79164.N5, K4
_cTEXL
_2CC
999 _c1160993
_d1160993